[Event "Lords of the Spring :-)"]
[Site "SchemingMind.com"]
[Date "2010.03.27"]
[Round "-"]
[White "Andreas Flato"]
[Black "Clive Everill"]
[Result "1/2-1/2"]
[WhiteCountry "GER"]
[BlackCountry "CZE"]
[WhiteElo "1635"]
[WhiteRD "73"]
[BlackElo "1684"]
[BlackRD "50"]
[GameID "243186"]

1. e4 e5 2. c3 Nf6 3. d3 d5 4. exd5 Qxd5 5. Qf3 Bg4 6. Qxd5 Nxd5 7. Nd2 Nc6 8. Be2 Be6 9. Ngf3 O-O-O 10. Ne4 h6
11. O-O f5 12. Ng3 g5 13. a3 Bd6 14. c4 Nf6 15. b4 f4 16. Ne4 Nxe4 17. dxe4 g4 18. Nh4 Rhg8 19. g3 Nd4 20. Bd3 Nf3+
21. Nxf3 gxf3 22. c5 Be7 23. Bc2 Bh3 24. Rd1 fxg3 25. Rxd8+ Bxd8 26. fxg3 h5 27. Be3 h4 28. Bf2 hxg3 29. Bxg3 Bg5 30. Kf2=
1/2-1/2

[Event "Lords of the Spring :-)"]
[Site "SchemingMind.com"]
[Date "2010.03.26"]
[Round "-"]
[White "Clive Everill"]
[Black "Andreas Flato"]
[Result "1-0"]
[WhiteCountry "CZE"]
[BlackCountry "GER"]
[WhiteElo "1684"]
[WhiteRD "50"]
[BlackElo "1635"]
[BlackRD "73"]
[GameID "243187"]

1. e4 e5 2. Nc3 Nf6 3. f4 d6 4. Nf3 Bg4 5. h3 Bxf3 6. Qxf3 exf4 7. d4 Nbd7 8. Bxf4 h6 9. Bc4 c6 10. O-O-O Be7
11. e5 dxe5 12. dxe5 Nh7 13. Bxh6 O-O 14. Bf4 Ng5 15. Qg4
1-0

[Event "Lords of the Spring :-)"]
[Site "SchemingMind.com"]
[Date "2010.03.26"]
[Round "-"]
[White "Baeron"]
[Black "Clive Everill"]
[Result "1-0"]
[WhiteCountry "SUI"]
[BlackCountry "CZE"]
[WhiteElo "2015"]
[WhiteRD "93"]
[BlackElo "1684"]
[BlackRD "50"]
[GameID "243225"]

1. c4 Nf6 2. g3 e5 3. Bg2 h6 4. a3 c6 5. d4 exd4 6. Qxd4 d5 7. Nf3 Be7 8. cxd5 Qxd5 9. Nc3 Qxd4 10. Nxd4 Nbd7
11. Nf5 Bf8 12. Bf4 g6 13. Nd6+ Bxd6 14. Bxd6 Nh7 15. O-O Nb6 16. Ne4 Nc4 17. Bb4 Bd7 18. b3 Nb6 19. Nd6+ Kf8 20. Nxb7+ Ke8
21. Na5 Rc8 22. Rac1 Nd5 23. Bc5 a6 24. Nc4 Rb8 25. b4 Nf8 26. e4 Nb6 27. Nxb6 Be6 28. Bd4 Rh7 29. Rxc6 f5 30. exf5 gxf5
31. Re1 Ke7 32. Bd5 Rd8 33. Bc5+ Kf6 34. Bxe6 Nxe6 35. Rexe6+ Kg5 36. Kg2 f4 37. Re5+
1-0

[Event "Lords of the Spring :-)"]
[Site "SchemingMind.com"]
[Date "2010.03.26"]
[Round "-"]
[White "Baeron"]
[Black "Andreas Flato"]
[Result "1/2-1/2"]
[WhiteCountry "SUI"]
[BlackCountry "GER"]
[WhiteElo "2015"]
[WhiteRD "93"]
[BlackElo "1635"]
[BlackRD "73"]
[GameID "243226"]

1. c4 e5 2. g3 Nf6 3. Bg2 Bc5 4. Nc3 O-O 5. Nf3 e4 6. Ng5 Bxf2+ 7. Kxf2 Ng4+ 8. Kg1 Qxg5 9. Nxe4 Qg6 10. d4 d6
11. h3 Nf6 12. Nxf6+ Qxf6 13. Kh2 Nc6 14. e3 Bd7 15. Rf1 Qg6 16. Bd2 Rae8 17. b4 b6 18. Rf4 Ne7 19. e4 f5 20. e5 dxe5
21. dxe5 Bc6 22. b5 Bxg2 23. Kxg2 Qe6 24. Bb4 Qxe5 25. Bxe7 Rxe7 26. Qd5+ Qxd5+ 27. cxd5 Re5 28. Rd1 Rd8 29. Rc4 Rexd5 30. Rxd5 Rxd5
31. Rxc7 Rd2+ 32. Kf3 Rxa2 33. Kf4 Ra5 34. Kg5 Rxb5 35. Rxa7 Re5 36. Rb7 b5 37. h4 Kf8 38. Rb8+ Kf7=
1/2-1/2

[Event "Lords of the Spring :-)"]
[Site "SchemingMind.com"]
[Date "2010.03.26"]
[Round "-"]
[White "Clive Everill"]
[Black "Baeron"]
[Result "0-1"]
[WhiteCountry "CZE"]
[BlackCountry "SUI"]
[WhiteElo "1684"]
[WhiteRD "50"]
[BlackElo "2015"]
[BlackRD "93"]
[GameID "243227"]

1. e4 c5 2. Nf3 Nc6 3. Bb5 g6 4. h3 Bg7 5. Bxc6 bxc6 6. O-O e5 7. d3 f6 8. Nbd2 Nh6 9. Nc4 d5 10. Na3 O-O
11. c4 Rb8 12. b3 Nf7 13. Nc2 f5 14. Ba3 fxe4 15. dxe4 dxe4 16. Nd2 Qh4 17. Bxc5 Rd8 18. Bxa7 Ng5 19. Qe2 Bxh3 20. g3 Bxf1
21. Rxf1 Rxd2 22. gxh4 Rxe2 23. Bxb8 Nf3+ 24. Kg2 Rxc2 25. Kg3 Rxa2 26. Rd1 Nd4 27. b4 Rc2 28. c5 Rb2 29. Re1 Rxb4 30. Ba7 Nf5+
31. Kh3 h5 32. Rd1 Rb3+ 33. Kh2 Rd3 34. Rb1 Nxh4 35. Rb6 Nf3+ 36. Kh1 Rd1+ 37. Kg2 Rg1+ 38. Kh3 g5
0-1

[Event "Lords of the Spring :-)"]
[Site "SchemingMind.com"]
[Date "2010.03.27"]
[Round "-"]
[White "Andreas Flato"]
[Black "Baeron"]
[Result "0-1"]
[WhiteCountry "GER"]
[BlackCountry "SUI"]
[WhiteElo "1635"]
[WhiteRD "73"]
[BlackElo "2015"]
[BlackRD "93"]
[GameID "243228"]

1. e4 e6 2. Nf3 d5 3. exd5 exd5 4. d4 Nc6 5. h3 Bf5 6. Bb5 Ne7 7. O-O a6 8. Ba4 g6 9. c3 Bg7 10. Bf4 O-O
11. Nbd2 f6 12. Re1 Qd7 13. Kh2 g5 14. Bg3 h5 15. h4 g4 16. Ng1 Ng6 17. Ne2 Bh6 18. Nf1 Rae8 19. Bc2 Re7 20. Bxf5 Qxf5
21. Nc1 Rfe8 22. Rxe7 Rxe7 23. Nd3 Nd8 24. Nc5 Bf4 25. Qd3 Qxd3 26. Nxd3 Ne6 27. Nxf4 Nexf4 28. Ne3 Kf7 29. Re1 c6 30. f3 gxf3
31. gxf3 Nd3 32. Re2 Ngf4 33. Bxf4 Nxf4 34. Re1 Nd3 35. Re2 Nxb2 36. Kg2 Nd1
0-1

[Event "Lords of the Spring :-)"]
[Site "SchemingMind.com"]
[Date "2010.03.26"]
[Round "-"]
[White "1tamad"]
[Black "Clive Everill"]
[Result "0-1"]
[WhiteCountry "USA"]
[BlackCountry "CZE"]
[WhiteElo "1684"]
[WhiteRD "70"]
[BlackElo "1684"]
[BlackRD "50"]
[GameID "243261"]

1. d4 f5 2. e3 g6 3. Nf3 Nf6 4. Be2 Bg7 5. O-O O-O 6. c4 b6 7. Nc3 Bb7 8. Re1 d6 9. Qc2 Re8 10. d5 e5
11. Ng5 Bc8 12. e4 f4 13. h3 h6 14. Nf3 Nbd7 15. b3 Nc5 16. b4 Ncd7 17. Bb2 Bb7 18. a4 c5 19. Nb5 Nf8 20. a5 a6
21. Nc3 cxb4 22. Nd1 bxa5 23. Qa4 Nxe4 24. Qxa5 Qxa5 25. Rxa5 Bf6 26. Bc1 Nc5 27. g3 Nb3
0-1

[Event "Lords of the Spring :-)"]
[Site "SchemingMind.com"]
[Date "2010.03.26"]
[Round "-"]
[White "1tamad"]
[Black "Andreas Flato"]
[Result "1-0"]
[WhiteCountry "USA"]
[BlackCountry "GER"]
[WhiteElo "1684"]
[WhiteRD "70"]
[BlackElo "1635"]
[BlackRD "73"]
[GameID "243262"]

1. d4 e6 2. e3 c5 3. Nf3 Nf6 4. Bd3 cxd4 5. exd4 d5 6. Nbd2 Bd7 7. O-O Bd6 8. Ne5 O-O 9. f4 Nc6 10. c3 Ne8
11. Rf3 Nxe5 12. fxe5 Be7 13. Bxh7+ Kxh7 14. Rh3+
1-0

[Event "Lords of the Spring :-)"]
[Site "SchemingMind.com"]
[Date "2010.03.26"]
[Round "-"]
[White "1tamad"]
[Black "Baeron"]
[Result "0-1"]
[WhiteCountry "USA"]
[BlackCountry "SUI"]
[WhiteElo "1684"]
[WhiteRD "70"]
[BlackElo "2015"]
[BlackRD "93"]
[GameID "243263"]

1. d4 Nf6 2. e3 e6 3. Bd3 c5 4. c3 Be7 5. Nf3 d5 6. Nbd2 O-O 7. Ne5 b6 8. O-O Bb7 9. Qf3 Nbd7 10. Bc2 Kh8
11. Qh3 Nxe5 12. dxe5 Ne4 13. Rd1 Ng5 14. Qg4 f5 15. exf6 gxf6 16. f4 f5 17. Qg3 Nf7 18. Kh1 Rg8 19. Qh3 Rg6 20. Nf3 Qg8
21. b3 Rh6
0-1

[Event "Lords of the Spring :-)"]
[Site "SchemingMind.com"]
[Date "2010.03.28"]
[Round "-"]
[White "Clive Everill"]
[Black "1tamad"]
[Result "1-0"]
[WhiteCountry "CZE"]
[BlackCountry "USA"]
[WhiteElo "1684"]
[WhiteRD "50"]
[BlackElo "1684"]
[BlackRD "70"]
[GameID "243264"]

1. e4 e6 2. d4 d5 3. Nd2 c6 4. Ngf3 Nf6 5. e5 Nfd7 6. Bd3 Be7 7. O-O O-O 8. c4 dxc4 9. Nxc4 Nb6 10. Nxb6 Qxb6
11. b3 Na6 12. Be3 Nb4 13. d5 Qd8 14. d6 Bxd6 15. exd6 Nd5 16. Bc5 Re8 17. Qc2 b6 18. Bxh7+ Kh8 19. Ba3 f5 20. Bg6 Rg8
21. Ne5
1-0

[Event "Lords of the Spring :-)"]
[Site "SchemingMind.com"]
[Date "2010.03.28"]
[Round "-"]
[White "Andreas Flato"]
[Black "1tamad"]
[Result "1-0"]
[WhiteCountry "GER"]
[BlackCountry "USA"]
[WhiteElo "1686"]
[WhiteRD "71"]
[BlackElo "1682"]
[BlackRD "68"]
[GameID "243265"]

1. e4 d6 2. d4 Nf6 3. Nc3 g6 4. Bc4 Bg7 5. h3 O-O 6. Nf3 c6 7. O-O b5 8. Bd3 Nbd7 9. a3 a6 10. Bf4 Nh5
11. Bh2 e5 12. d5 c5 13. b4 c4 14. Be2 Nf4 15. Na2 Nf6 16. Nd2 Nxe2+ 17. Qxe2 a5 18. c3 Bd7 19. f4 Re8 20. fxe5 dxe5
21. Nf3 axb4 22. Nxb4 Qc8 23. Bxe5 Bxh3 24. Bd4 Bg4 25. e5 Nh5 26. Rfe1 Ng3 27. Qf2 Nf5 28. Ng5 h6 29. Ne4 Nxd4 30. cxd4 Bf5
31. Nd6 Qd7 32. Nxe8 Qxe8 33. Qe3 Kh7 34. Qc3 Qd7 35. Re3 Ra4 36. Rae1 Bf8 37. e6 fxe6 38. dxe6 Qe7 39. d5 h5 40. d6 Qxd6
41. e7 Bxe7 42. Rxe7+ Kh6 43. Qe3+ g5 44. Qc3 h4 45. Qh8+ Kg6 46. Qh7+
1-0

[Event "Lords of the Spring :-)"]
[Site "SchemingMind.com"]
[Date "2010.03.28"]
[Round "-"]
[White "Baeron"]
[Black "1tamad"]
[Result "1-0"]
[WhiteCountry "SUI"]
[BlackCountry "USA"]
[WhiteElo "2015"]
[WhiteRD "93"]
[BlackElo "1684"]
[BlackRD "70"]
[GameID "243266"]

1. c4 d6 2. g3 Nf6 3. Bg2 g6 4. Nc3 Bg7 5. e4 O-O 6. Nge2 c5 7. O-O Nc6 8. d3 Nd7 9. a3 a6 10. Rb1 Nde5
11. b4 b6 12. h3 Bd7 13. f4 Ng4 14. hxg4 Bxg4 15. Qc2 Nd4 16. Nxd4 Bxd4+ 17. Kh2 e5 18. Ne2 exf4 19. Nxd4 cxd4 20. Rxf4 Be6
21. Bb2 b5 22. Bxd4 Rc8 23. Bf6 Qd7 24. Rh4 bxc4 25. Qd2
1-0

[Event "Lords of the Spring :-)"]
[Site "SchemingMind.com"]
[Date "2010.03.31"]
[Round "-"]
[White "Phillip Beckett"]
[Black "1tamad"]
[Result "1-0"]
[WhiteCountry "ENG"]
[BlackCountry "USA"]
[WhiteElo "1633"]
[WhiteRD "58"]
[BlackElo "1682"]
[BlackRD "68"]
[GameID "243735"]

1. e4 d6 2. d4 Nf6 3. Nc3 g6 4. Nf3 Bg7 5. Be2 O-O 6. O-O c6 7. h3 Bd7 8. Bg5 Qc8 9. Qd2 Re8 10. Bh6 Bh8
11. Rad1 e5 12. dxe5 dxe5 13. Bc4 Bxh3 14. gxh3 Qxh3 15. Nh2 Nbd7 16. Rfe1 a5 17. Bf1 Qe6 18. Qd6 b5 19. Qxe6 Rxe6 20. Bh3 Re7
21. Ng4 Nxg4 22. Bxg4 Nf6 23. Bg5 Ree8 24. Bxf6 Bxf6 25. Rd7 b4 26. Na4 Be7 27. Red1 h5 28. Bf3 Kg7 29. Nb6 Ra6 30. Nc4 Kf6
31. Nd6 Bxd6 32. R1xd6+ Re6 33. Be2 Rb6 34. Bc4 Rxd6 35. Rxd6+ Ke7 36. Rd2 a4 37. Kg2 g5 38. Be2 h4 39. Bg4 b3 40. axb3 axb3
41. c3 Rb7 42. Kh3
1-0

[Event "Lords of the Spring :-)"]
[Site "SchemingMind.com"]
[Date "2010.04.05"]
[Round "-"]
[White "Phillip Beckett"]
[Black "Clive Everill"]
[Result "1/2-1/2"]
[WhiteCountry "ENG"]
[BlackCountry "CZE"]
[WhiteElo "1693"]
[WhiteRD "59"]
[BlackElo "1684"]
[BlackRD "50"]
[GameID "243736"]

1. e4 Nc6 2. d4 e5 3. Nf3 exd4 4. Nxd4 g6 5. Nc3 Bg7 6. Be3 Nf6 7. f3 O-O 8. Qd2 d5 9. exd5 Nxd5 10. Nxd5 Qxd5
11. c4 Qa5 12. Qxa5 Nxa5 13. O-O-O c5 14. Nb3 Nxb3+ 15. axb3 b6 16. Bd3 f5 17. Bc2 f4 18. Bf2 Be6 19. Be4 Rad8 20. Rhe1 Bf7
21. Bc2 Bf6 22. Rxd8 Rxd8 23. Rd1 Rxd1+ 24. Bxd1 g5 25. Be1 h5 26. Bc3 Bxc3 27. bxc3 Kg7=
1/2-1/2

[Event "Lords of the Spring :-)"]
[Site "SchemingMind.com"]
[Date "2010.03.31"]
[Round "-"]
[White "Phillip Beckett"]
[Black "Andreas Flato"]
[Result "1-0"]
[WhiteCountry "ENG"]
[BlackCountry "GER"]
[WhiteElo "1693"]
[WhiteRD "59"]
[BlackElo "1635"]
[BlackRD "73"]
[GameID "243737"]

1. e4 e5 2. Nf3 d6 3. d4 exd4 4. Nxd4 Be7 5. Nc3 Nf6 6. Be2 O-O 7. O-O Re8 8. Be3 c6 9. f4 Bf8 10. Qe1 Nxe4
11. Nxe4 Rxe4 12. Bd3 Re8 13. Qg3 g6 14. f5 c5 15. fxg6 fxg6 16. Bxg6 Rxe3 17. Qxe3 hxg6 18. Qb3+ Kg7 19. Qf7+ Kh6 20. Qf4+ Kg7=
21. Qf7+ Kh6 22. Qxf8+ Qxf8 23. Rxf8 Bg4 24. Nf3 b5 25. h3 Bf5 26. Nh4 Be4 27. Rd1 Nd7 28. Rxa8 Bxa8 29. Rxd6
1-0

[Event "Lords of the Spring :-)"]
[Site "SchemingMind.com"]
[Date "2010.03.31"]
[Round "-"]
[White "Phillip Beckett"]
[Black "Baeron"]
[Result "0-1"]
[WhiteCountry "ENG"]
[BlackCountry "SUI"]
[WhiteElo "1693"]
[WhiteRD "59"]
[BlackElo "2015"]
[BlackRD "93"]
[GameID "243738"]

1. e4 e6 2. d4 d5 3. Nd2 Nf6 4. e5 Nfd7 5. f4 c5 6. c3 Nc6 7. Ndf3 cxd4 8. cxd4 Qb6 9. Ne2 f6 10. g3 fxe5
11. fxe5 Bb4+ 12. Bd2 O-O 13. Bg2 Ndxe5 14. Nxe5 Nxe5 15. Nf4 Qxd4 16. Bxb4 Qxb4+ 17. Qd2 Qb6 18. Nxd5 exd5 19. Qxd5+ Be6 20. Qxe5 Qf2+
21. Kd1 Bg4+ 22. Kc1 Rac8+
0-1

[Event "Lords of the Spring :-)"]
[Site "SchemingMind.com"]
[Date "2010.04.01"]
[Round "-"]
[White "1tamad"]
[Black "Phillip Beckett"]
[Result "1/2-1/2"]
[WhiteCountry "USA"]
[BlackCountry "ENG"]
[WhiteElo "1684"]
[WhiteRD "70"]
[BlackElo "1693"]
[BlackRD "59"]
[GameID "243739"]

1. d4 d5 2. e3 Nf6 3. Bd3 e6 4. Nd2 c5 5. c3 Nc6 6. f4 Bd6 7. Ngf3 cxd4 8. cxd4 O-O 9. O-O Nd7 10. Ne5 f6
11. Qh5 f5 12. Rf3 Nf6 13. Qg5 Ne4 14. Qh5 Nf6 15. Qg5 Ne4 16. Qh5=
1/2-1/2

[Event "Lords of the Spring :-)"]
[Site "SchemingMind.com"]
[Date "2010.04.05"]
[Round "-"]
[White "Clive Everill"]
[Black "Phillip Beckett"]
[Result "1-0"]
[WhiteCountry "CZE"]
[BlackCountry "ENG"]
[WhiteElo "1684"]
[WhiteRD "50"]
[BlackElo "1693"]
[BlackRD "59"]
[GameID "243740"]

1. c4 e5 2. a3 Nf6 3. e3 d5 4. cxd5 Nxd5 5. Qc2 Nc6 6. b4 a6 7. Bd3 g6 8. Bb2 Bg7 9. Nf3 O-O 10. O-O f5
11. Nc3 Nxc3 12. dxc3 e4 13. Bc4+ Kh8 14. Nd2 Ne5 15. Be2 Be6 16. Rfd1 Qe7 17. f4 exf3 18. Nxf3 Nxf3+ 19. Bxf3 c6 20. Rd2 Rfd8
21. Rad1 Kg8 22. e4 Bf6 23. exf5 Bxf5 24. Qb3+ Kg7 25. Rxd8 Rxd8 26. Rxd8 Qe3+ 27. Kf1 Bxd8 28. c4+
1-0

[Event "Lords of the Spring :-)"]
[Site "SchemingMind.com"]
[Date "2010.03.31"]
[Round "-"]
[White "Andreas Flato"]
[Black "Phillip Beckett"]
[Result "1-0"]
[WhiteCountry "GER"]
[BlackCountry "ENG"]
[WhiteElo "1635"]
[WhiteRD "73"]
[BlackElo "1693"]
[BlackRD "59"]
[GameID "243741"]

1. e4 e5 2. Nf3 Nc6 3. Bc4 Nf6 4. d3 Be7 5. O-O d6 6. h3 h6 7. Be3 O-O 8. a3 Na5 9. Ba2 c5 10. b4 cxb4
11. axb4 Nc6 12. b5 Nb8 13. Bb3 Be6 14. Bxe6 fxe6 15. Rxa7 Rxa7 16. Bxa7 Qa5 17. Bxb8 Rxb8 18. c4 Nh7 19. Qb3 Ng5 20. Nxg5 Bxg5
21. g3 Qc7 22. Nc3 Qc5 23. Na4 Qc7 24. Qb4 Qc5 25. Nxc5
1-0

[Event "Lords of the Spring :-)"]
[Site "SchemingMind.com"]
[Date "2010.04.01"]
[Round "-"]
[White "Baeron"]
[Black "Phillip Beckett"]
[Result "1-0"]
[WhiteCountry "SUI"]
[BlackCountry "ENG"]
[WhiteElo "2015"]
[WhiteRD "93"]
[BlackElo "1693"]
[BlackRD "59"]
[GameID "243742"]

1. c4 e5 2. g3 Nf6 3. Bg2 d5 4. cxd5 Nxd5 5. Nc3 Be6 6. Nf3 Nc6 7. O-O f6 8. a3 Qd7 9. Re1 O-O-O 10. Qa4 Kb8
11. b4 Nxc3 12. dxc3 Bh3 13. Bh1 h5 14. Be3 h4 15. b5 e4 16. bxc6 Qxc6 17. Qxc6 bxc6 18. Nd4
1-0

[Event "Lords of the Spring :-)"]
[Site "SchemingMind.com"]
[Date "2010.04.01"]
[Round "-"]
[White "jtrochez1"]
[Black "1tamad"]
[Result "0-1"]
[WhiteCountry "HON"]
[BlackCountry "USA"]
[WhiteElo "1603"]
[WhiteRD "47"]
[BlackElo "1698"]
[BlackRD "65"]
[GameID "243875"]

1. e4 e6 2. d4 d5 3. e5 c5 4. Nf3 cxd4 5. Nxd4 Nc6 6. Nf3 Nge7 7. Bd3 Qc7 8. Bf4 Ng6 9. Bg3 Ncxe5 10. Nxe5 Nxe5
11. O-O Bd6 12. Nd2 Nxd3 13. Bxd6 Qxd6 14. cxd3 O-O 15. Rc1 b6 16. a3 Ba6 17. Re1 Qf4 18. Nf3 h6 19. Ne5 Qd4 20. b4 Rfe8
21. Nc6 Qxd3 22. Qxd3 Bxd3 23. Re3 Bb5 24. Nd4 Ba4 25. Rec3 Bd7 26. f4 Kf8 27. Kf2 Rec8 28. Rxc8+ Rxc8 29. Rxc8+ Bxc8 30. g3 f6
31. Ke3 Kf7 32. a4 a6 33. b5 axb5 34. axb5 Bd7 35. Kd3 e5 36. fxe5 fxe5 37. Nc6 Bxc6 38. bxc6 Ke7 39. h4 g5 40. hxg5 hxg5
41. g4 Kd6 42. c7 Kxc7
0-1

[Event "Lords of the Spring :-)"]
[Site "SchemingMind.com"]
[Date "2010.04.05"]
[Round "-"]
[White "jtrochez1"]
[Black "Clive Everill"]
[Result "0-1"]
[WhiteCountry "HON"]
[BlackCountry "CZE"]
[WhiteElo "1589"]
[WhiteRD "51"]
[BlackElo "1664"]
[BlackRD "50"]
[GameID "243876"]

1. e4 e5 2. Nf3 Nf6 3. d3 Bc5 4. h3 d6 5. Bg5 Nbd7 6. Nbd2 h6 7. Bh4 g5 8. Bg3 Nh5 9. Bh2 Nb6 10. Nb3 Na4
11. Nxc5 Nxc5 12. Nxe5 Nf4 13. Nxf7 Kxf7 14. Bxf4 gxf4 15. Qh5+ Kg7 16. O-O-O Be6 17. Kb1 Qf6 18. d4 Nxe4 19. Qf3 d5 20. Bd3 Qxd4
21. Bxe4 Qxe4 22. Qc3+ Kg6 23. f3 Qc4 24. Qd3+ Bf5 25. Qxc4 dxc4 26. Kc1 Rad8 27. c3 Rd3 28. Rxd3 cxd3 29. Kd2 Re8 30. Re1 Rxe1
31. Kxe1 c5 32. c4 a6 33. a4 Bd7 34. Kd2 Bf5 35. a5 Kg5
0-1

[Event "Lords of the Spring :-)"]
[Site "SchemingMind.com"]
[Date "2010.04.01"]
[Round "-"]
[White "jtrochez1"]
[Black "Andreas Flato"]
[Result "0-1"]
[WhiteCountry "HON"]
[BlackCountry "GER"]
[WhiteElo "1551"]
[WhiteRD "51"]
[BlackElo "1635"]
[BlackRD "73"]
[GameID "243877"]

1. e4 e5 2. Bc4 Nf6 3. d3 h6 4. Be3 Be7 5. Nc3 O-O 6. Nge2 c6 7. Qd2 Kh7 8. f4 exf4 9. Bxf4 d5 10. exd5 Nxd5
11. Nxd5 cxd5 12. Bb3 Nc6 13. c3 Bf5 14. Bc2 Re8 15. O-O-O b5 16. d4 Bg6 17. Bxg6+ fxg6 18. Qc2 Rc8 19. Kd2 Bg5 20. g3 Re4
21. Qb1 b4 22. h4 bxc3+ 23. bxc3 Bxf4+ 24. gxf4 Na5 25. Qb4 Nc4+ 26. Kc1 Rxe2 27. h5 Rb8 28. hxg6+ Kg8 29. Qc5 Rbb2
0-1

[Event "Lords of the Spring :-)"]
[Site "SchemingMind.com"]
[Date "2010.04.01"]
[Round "-"]
[White "jtrochez1"]
[Black "Phillip Beckett"]
[Result "1/2-1/2"]
[WhiteCountry "HON"]
[BlackCountry "ENG"]
[WhiteElo "1603"]
[WhiteRD "47"]
[BlackElo "1599"]
[BlackRD "57"]
[GameID "243878"]

1. e4 e5 2. Nf3 Nc6 3. d4 exd4 4. Nxd4 Bc5 5. Nf3 Qf6 6. c3 d6 7. h3 Ne5 8. Be2 Nxf3+ 9. Bxf3 Ne7 10. Be3 Bxe3
11. fxe3 Nc6 12. Nd2 Ne5 13. Qa4+ Bd7 14. Qd4 Nxf3+ 15. Nxf3 Qxd4 16. exd4 O-O 17. O-O-O Rad8 18. g4 Rde8 19. e5 dxe5 20. Nxe5 Bc8
21. Rhf1 f6 22. Nf3 Re2 23. Rd2 Rfe8 24. Rxe2 Rxe2 25. Re1 Rxe1+ 26. Nxe1 h5 27. gxh5 Bxh3 28. Kd2 Bg4 29. Ng2 Bxh5 30. Nf4 Bf7
31. a3 g5 32. Ng2 Bd5 33. b4 Kf7 34. Ne3 Be6 35. Ke2 f5 36. d5 Bd7 37. c4 f4 38. Nf1 g4 39. Kf2 Kf6 40. Nd2 Kg5
41. Ne4+ Kf5 42. Nc5 Bc8 43. Nd3 Ke4 44. Nc5+ Kd4 45. Ne6+ Kxc4 46. Nxf4 Bf5 47. Kg3 Kb3 48. Ne6 Kxa3 49. Nxc7 Kxb4 50. Ne6 Kc4
51. Nf4 a5 52. Kh4 a4 53. Ne2 Kxd5 54. Nc3+ Kc4 55. Nxa4 b5 56. Nb2+ Kb3 57. Nd1 Ka2 58. Nc3+ Kb3 59. Nxb5 Kb4 60. Nd6 Bd7
61. Ne4 Kc4 62. Nf6 Bc8=
1/2-1/2

[Event "Lords of the Spring :-)"]
[Site "SchemingMind.com"]
[Date "2010.04.01"]
[Round "-"]
[White "jtrochez1"]
[Black "Baeron"]
[Result "0-1"]
[WhiteCountry "HON"]
[BlackCountry "SUI"]
[WhiteElo "1589"]
[WhiteRD "51"]
[BlackElo "2095"]
[BlackRD "81"]
[GameID "243879"]

1. e4 e6 2. d4 d5 3. e5 c5 4. Nf3 cxd4 5. Nxd4 Nc6 6. Nxc6 bxc6 7. Bd3 Ba6 8. Bxa6 Qa5+ 9. Qd2 Qxa6 10. Qd3 Qb6
11. O-O Ne7 12. Be3 Qxb2 13. Nd2 Qxe5 14. f4 Qc7 15. Rab1 Nf5 16. Kh1 Bd6 17. g3 O-O 18. Rb3 c5 19. Qa6 Rab8 20. Rf3 Rb6
21. Rxb6 Qxb6 22. Qxb6 axb6 23. Bf2 Ra8 24. c4 Rxa2 25. Nf1 dxc4
0-1

[Event "Lords of the Spring :-)"]
[Site "SchemingMind.com"]
[Date "2010.04.02"]
[Round "-"]
[White "1tamad"]
[Black "jtrochez1"]
[Result "1-0"]
[WhiteCountry "USA"]
[BlackCountry "HON"]
[WhiteElo "1698"]
[WhiteRD "65"]
[BlackElo "1603"]
[BlackRD "47"]
[GameID "243880"]

1. d4 Nf6 2. e3 c6 3. Nf3 d6 4. Be2 Nbd7 5. O-O e6 6. c4 b6 7. Nc3 h6 8. d5 exd5 9. cxd5 cxd5 10. Nxd5 Bb7
11. Nxf6+ Nxf6 12. b3 a6 13. Bb2 Be7 14. Rc1 O-O 15. Nd4 Qd7 16. Bf3 Bxf3 17. Qxf3 Rac8 18. h3 Rxc1 19. Rxc1 Rc8 20. Rxc8+ Qxc8
21. Qc6 Qxc6 22. Nxc6 Kf8 23. Kf1 Ke8 24. Ke2 Kd7 25. Nb8+ Ke6 26. Nxa6 Bf8 27. Nc7+ Kd7 28. Bxf6 Kxc7 29. Bd4 f6 30. f4 d5
31. Kd3 Bb4 32. Bc3 Bxc3 33. Kxc3 g5 34. Kd4 Kd6 35. g4 b5 36. a4 bxa4 37. bxa4 gxf4 38. exf4 Kc6 39. a5 Kb5 40. Kxd5 Kxa5
41. Ke6
1-0

[Event "Lords of the Spring :-)"]
[Site "SchemingMind.com"]
[Date "2010.04.06"]
[Round "-"]
[White "Clive Everill"]
[Black "jtrochez1"]
[Result "1-0"]
[WhiteCountry "CZE"]
[BlackCountry "HON"]
[WhiteElo "1694"]
[WhiteRD "50"]
[BlackElo "1603"]
[BlackRD "47"]
[GameID "243881"]

1. Nf3 d6 2. d4 e6 3. c4 h6 4. Nc3 Bd7 5. e4 Be7 6. Bd3 c6 7. Qb3 Qc8 8. O-O Qc7 9. Bf4 g5 10. Be3 g4
11. Nd2 h5 12. f4 h4 13. f5 exf5 14. exf5 f6 15. Nce4 Bc8 16. d5 c5 17. Nc3 Nd7 18. Nb5 Qb6 19. Qd1 Ne5 20. Be2 g3
21. h3 Nh6 22. Bh5+ Nhf7 23. b3 Bd7 24. Nc3 Qc7 25. Nce4 O-O-O 26. a3 b5 27. b4 bxc4 28. Bxf7 Nxf7 29. Nxc4 Bb5 30. Qe2 Ne5
31. Ncxd6+ Bxd6 32. Qxb5 Qb6 33. Nxd6+ Rxd6 34. Qxb6 axb6 35. bxc5 bxc5 36. Bxc5 Rxd5 37. Rac1 Kd7 38. Rfd1 Rxd1+ 39. Rxd1+ Kc6 40. Bb4 Nc4
41. Be7 Re8 42. Bxf6 Nd2 43. Bxh4 Ne4 44. Re1 Kd5 45. Re3 Kd4 46. Rxg3 Nxg3 47. Bxg3 Rf8 48. Bf2+ Kc4 49. g4 Kd5 50. Be1 Ke4
51. Kg2 Rg8 52. Kg3 Kd4 53. Kf4 Kd5 54. h4 Re8 55. Bb4 Re4+ 56. Kg5 Re8 57. Kf6 Ke4 58. Bd6 Kf3 59. g5 Kg4 60. g6 Kxh4
61. Kf7 Rd8 62. Be7+
1-0

[Event "Lords of the Spring :-)"]
[Site "SchemingMind.com"]
[Date "2010.04.02"]
[Round "-"]
[White "Andreas Flato"]
[Black "jtrochez1"]
[Result "1-0"]
[WhiteCountry "GER"]
[BlackCountry "HON"]
[WhiteElo "1686"]
[WhiteRD "71"]
[BlackElo "1589"]
[BlackRD "51"]
[GameID "243882"]

1. e4 e5 2. Bc4 Nf6 3. Nc3 c6 4. Nf3 h6 5. O-O d6 6. h3 Be6 7. Bb3 Bxb3 8. axb3 Be7 9. d4 exd4 10. Nxd4 g6
11. Be3 Nbd7 12. Qd2 Ng8 13. f4 Qc7 14. Nf3 Nb6 15. Ne2 g5 16. fxg5 hxg5 17. Nxg5 Bxg5 18. Bxg5 Ne7 19. Qf4 O-O-O 20. Qxf7 Kb8
21. Qxe7 Qxe7 22. Bxe7 Rde8 23. Bxd6+ Ka8 24. Nc3 Nc8 25. Bh2 Ref8 26. Rxf8 Rxf8 27. Rd1 b6 28. Rd7 Re8 29. g4 Ne7 30. Kg2 Ng6
31. Bg3 Ne5 32. Bxe5 Rxe5 33. Kf3
1-0

[Event "Lords of the Spring :-)"]
[Site "SchemingMind.com"]
[Date "2010.04.01"]
[Round "-"]
[White "Phillip Beckett"]
[Black "jtrochez1"]
[Result "0-1"]
[WhiteCountry "ENG"]
[BlackCountry "HON"]
[WhiteElo "1633"]
[WhiteRD "58"]
[BlackElo "1589"]
[BlackRD "51"]
[GameID "243883"]

1. e4 e5 2. Nf3 Nc6 3. Bb5 d6 4. d4 Bd7 5. d5 Nb8 6. Bxd7+ Nxd7 7. O-O Be7 8. c4 Bf6 9. Nc3 a6 10. Be3 Ne7
11. Qd2 h6 12. h3 Ng6 13. Nh2 Nf4 14. Bxf4 exf4 15. Qxf4 Be5 16. Qg4 O-O 17. Nf3 Bf6 18. Nd2 Ne5 19. Qe2 Ng6 20. f4 Bd4+
21. Kh1 Re8 22. g4 f6 23. Nf3 Nxf4 24. Qh2 Be5 25. Nxe5 dxe5 26. Rxf4 exf4 27. Qxf4 Qd6 28. Qf3 Rf8 29. Rf1 Rae8 30. Ne2 Qe5
31. Ng3 Qxb2 32. Nh5 Qxa2 33. Qf5 Rf7 34. Qg6 Qb2 35. Kg1 Ref8 36. Ng3 Qd4+ 37. Kh1 a5 38. Nf5 Qxe4+ 39. Kh2 Kh8
0-1